000
00297nam a22001337a 4500
008
170605b xxu||||| |||| 00| 0 eng d
020
_a
9780805027754
041
_a
eng
080
_a
94
100
_a
18
101
_a
SHH
245
_a
THE ATLAS OF SACRED PLACES
_c
HARTUE,J
942
_2
udc
_c
BK
999
_c
15976
_d
15976